| 000 | 00858nam a22002651 4500 | ||
|---|---|---|---|
| 001 | 12615 | ||
| 003 | BD-RjUL | ||
| 005 | 20211208235327.0 | ||
| 008 | 140129s1964 laua b s001 0 eng | ||
| 035 | _a(BD-RjUL)12664 | ||
| 040 |
_aDLC/ICU _cICU _dDLC _beng |
||
| 041 | _aeng | ||
| 082 | 0 | 0 |
_a598.14 _bcob 1964 |
| 100 | 1 |
_aCoulson, Roland A. _939296 |
|
| 245 | 1 | 0 |
_aBiochemistry of the alligator : _ba study of metabolism in slow motion / _cRoland A. Coulson [and] Thomas Hernandez. |
| 260 |
_aBaton Rouge : _bLouisiana State University Press, _c1964. |
||
| 300 |
_axx, 138 p. : _billus., diagrs. ; _c26 cm. |
||
| 504 | _aIncludes index and bibliographies. | ||
| 650 | 0 |
_aMetabolism. _939297 |
|
| 650 | 0 |
_aAlligators. _939298 |
|
| 700 | 1 |
_aHernandez, Thomas, _ejoint author. _939299 |
|
| 942 |
_2ddc _cBK |
||
| 999 |
_c12615 _d12615 |
||